000 00379nam a2200133Ia 4500
008 100328s9999 xx 000 0 und d
082 _b73078
100 _aथोरे अशोक.
245 _aजंगली जिराफ
260 _bअभिनंदन.
630 _aजंगली जिराफ
730 _aजंगली जिराफ
942 _cBOOK
999 _c558799
_d558796